000 00802pab a2200181 454500
008 180718b1997 xxu||||| |||| 00| 0 eng d
100 _aAcharya, Poromesh
245 _aEducational ideals of Tagore and Gandhi: a comparative study
260 _c1997
300 _ap.601-06
362 _a22-28 Mar
520 _aThe fundamental difference in their attitude to life gets reflected in the educational writtings of Gandhi and Tagore. If Tagore's artistic bent of mind prompted him to conceive of leisure as the core of meaningful life, Gandhi's value of manual labour made emphasise work as the fruitful way of harnessing energies. - Reproduced
650 _aTagore on education
650 _aGandhi on education
650 _aEducation
773 _aEconomic and Political Weekly
909 _a33481
999 _c33481
_d33481